HPLC for Food Analysis

Gespeichert in:
Bibliographische Detailangaben
Format: Buch
Sprache:Undetermined
Veröffentlicht: Germany Hewlett Packard 1996
Schlagworte:
Tags: Tag hinzufügen
Keine Tags, Fügen Sie den ersten Tag hinzu!
Thư viện lưu trữ: Trung tâm Học liệu Trường Đại học Cần Thơ
LEADER 00454nam a2200157Ia 4500
001 CTU_38853
008 210402s9999 xx 000 0 und d
082 |a 664.929 
082 |b H638 
245 0 |a HPLC for Food Analysis 
260 |a Germany 
260 |b Hewlett Packard 
260 |c 1996 
650 |a food - analysis,food industry and trade - technology transfer 
904 |i Sáng, 000223 
980 |a Trung tâm Học liệu Trường Đại học Cần Thơ